| Tag |
First Indicator |
Second Indicator |
Subfields |
| LEADER |
00000cam a2200000 i 4500 |
| 001 |
in00004805259 |
| 008 |
790124s1973 msuaf bt f000 0 eng d |
| 005 |
20240807182049.7 |
| 035 |
|
|
|a (OCoLC)ocm04579062
|
| 040 |
|
|
|a AED
|b eng
|e rda
|c AED
|d OCLCQ
|d GIM
|d IUL
|d OCLCQ
|d OCLCF
|d OCLCQ
|d OCLCO
|d TRAAL
|d GPO
|d OCLCO
|d OCLCQ
|d FUG
|d OCLCA
|d OCLCL
|
| 035 |
|
|
|a (OCoLC)04579062
|
| 043 |
|
|
|a n-us---
|
| 050 |
1 |
4 |
|a TA7
|b .W34r no. H-73-2
|
| 086 |
0 |
|
|a D 103.24/5:H-73-2
|
| 049 |
|
|
|a MAIN
|
| 100 |
1 |
|
|a Fontane, Darrell G.
|0 http://id.loc.gov/authorities/names/n86836948,
|e author
|
| 245 |
1 |
0 |
|a Mathematical simulation of the turbidity structure within an impoundment :
|b hydraulic laboratory investigation /
|c by D.G. Fontane, J.P. Bohan, J.L. Grace, Jr.
|
| 246 |
3 |
|
|a Hydraulic laboratory investigation: mathematical simulation of the turbidity structure within an impoundment
|
| 264 |
|
1 |
|a Vicksburg, Miss. :
|b Waterways Experiment Station,
|c 1973.
|
| 300 |
|
|
|a ix, 12, [7] pages, 2 leaves of plates :
|b illustrations ;
|c 27 cm.
|
| 336 |
|
|
|a text
|b txt
|2 rdacontent
|
| 337 |
|
|
|a unmediated
|b n
|2 rdamedia
|
| 338 |
|
|
|a volume
|b nc
|2 rdacarrier
|
| 490 |
1 |
|
|a Research report ;
|v H-73-2
|
| 500 |
|
|
|a "March 1973."
|
| 504 |
|
|
|a Includes bibliographical references (page 12).
|
| 536 |
|
|
|a Sponsored by U.S. Army Engineer District, Portland
|
| 590 |
|
|
|b TAG Physical Holdings 2
|
| 650 |
|
0 |
|a Electronic data processing.
|0 http://id.loc.gov/authorities/subjects/sh85042288
|
| 650 |
|
0 |
|a Turbidity.
|0 http://id.loc.gov/authorities/subjects/sh85138713
|
| 650 |
|
0 |
|a Mathematical models.
|0 http://id.loc.gov/authorities/subjects/sh85082124
|
| 650 |
|
0 |
|a Hydraulic models.
|0 http://id.loc.gov/authorities/subjects/sh85063328
|
| 650 |
|
0 |
|a Reservoirs
|x Research
|z United States.
|
| 650 |
|
6 |
|a Turbidité.
|
| 650 |
|
6 |
|a Modèles mathématiques.
|
| 650 |
|
6 |
|a Modèles hydrauliques.
|
| 650 |
|
6 |
|a Réservoirs (Lacs)
|
| 650 |
|
7 |
|a mathematical models.
|2 aat
|
| 650 |
|
7 |
|a reservoirs (water distribution structures)
|2 aat
|
| 650 |
|
7 |
|a Electronic data processing.
|2 fast
|0 (OCoLC)fst00906956
|
| 650 |
|
7 |
|a Hydraulic models.
|2 fast
|0 (OCoLC)fst00964695
|
| 650 |
|
7 |
|a Mathematical models.
|2 fast
|0 (OCoLC)fst01012085
|
| 650 |
|
7 |
|a Reservoirs.
|2 fast
|0 (OCoLC)fst01095478
|
| 650 |
|
7 |
|a Turbidity.
|2 fast
|0 (OCoLC)fst01159096
|
| 700 |
1 |
|
|a Bohan, Joseph P.
|0 http://id.loc.gov/authorities/names/no2023095868
|
| 700 |
1 |
|
|a Grace, John L.,
|c Jr.
|
| 710 |
2 |
|
|a Hydraulics Laboratory (U.S.)
|0 http://id.loc.gov/authorities/names/n81101623
|
| 710 |
1 |
|
|a United States.
|b Army.
|b Corps of Engineers.
|b Portland District.
|0 http://id.loc.gov/authorities/names/n80062788
|
| 710 |
2 |
|
|a Waterways Experiment Station (U.S.)
|0 http://id.loc.gov/authorities/names/n80158994
|
| 710 |
2 |
|
|a U.S. Army Engineer Waterways Experiment Station.
|0 http://id.loc.gov/authorities/names/n80157038
|
| 758 |
|
|
|i has work:
|a Mathematical simulation of the turbidity structure within an impoundment (Text)
|1 https://id.oclc.org/worldcat/entity/E39PCGw4jDXYhgM9THyqXPmVQ3
|4 https://id.oclc.org/worldcat/ontology/hasWork
|
| 776 |
0 |
8 |
|i Online version:
|a Fontane, Darrell G.
|t Mathematical simulation of the turbidity structure within an impoundment.
|d Vicksburg, Miss. : Waterways Experiment Station, 1973
|w (OCoLC)761495943
|
| 830 |
|
0 |
|a Research report (U.S. Army Engineer Waterways Experiment Station) ;
|v H-73-2.
|0 http://id.loc.gov/authorities/names/n86724534
|
| 994 |
|
|
|a 92
|b TAG
|
| 852 |
|
|
|a TAG
|b TAGC
|c galv,stk
|h TC7 .T43 RR-H-73-2
|t c.1
|
| 876 |
|
|
|p 33620000253464
|v unmediated -- volume
|
| 999 |
f |
f |
|s 3239be81-00fc-4009-854c-cd0f402ff004
|i ba63abe6-3526-4412-bbaf-d45385c1bd4d
|t 0
|
| 952 |
f |
f |
|p normal
|a Texas A&M University
|b Galveston Campus
|c Jack K. Williams Library
|d Galveston Stacks
|t 0
|e TC7 .T43 RR-H-73-2
|h Library of Congress classification
|i unmediated -- volume
|m 33620000253464
|
| 998 |
f |
f |
|a TC7 .T43 RR-H-73-2
|t 0
|l Galveston Stacks
|